[Event "Women's Speed Chess Q2"]
[Site "chess.com INT"]
[Date "2020.06.19"]
[Round "3"]
[White "Nandhidhaa, P V"]
[Black "Fernandez, Maria Florencia"]
[Result "1-0"]
[WhiteTitle "WGM"]
[BlackTitle "WIM"]
[WhiteElo "2365"]
[BlackElo "2229"]
[WhiteFideId "5050847"]
[BlackFideId "116459"]
[EventDate "2020.06.19"]

1. e4 d6 2. d4 Nf6 3. Nc3 g6 4. Nf3 Bg7 5. Be2 O-O 6. O-O c6 7. h3 b5 8. a3 a6
9. e5 Nfd7 10. Bf4 Nb6 11. Qd2 Be6 12. Rad1 Nc4 13. Bxc4 Bxc4 14. Rfe1 Ra7 15.
exd6 exd6 16. Ne4 Rd7 17. Bg5 f6 18. Bh6 Rdf7 19. Bxg7 Kxg7 20. Qf4 Rd7 21. b3
Bg8 22. Nc3 a5 23. d5 b4 24. dxc6 Nxc6 25. axb4 axb4 26. Nb5 Ne5 27. Nfd4 Qb6
28. Qd2 Qc5 29. f4 Nc6 30. Kh1 Nxd4 31. Nxd4 Rc7 32. f5 Rfc8 33. fxg6 hxg6 34.
Qf4 Bd5 35. Re6 Rf8 36. Rxd6 Ba8 37. Ne6+ Kg8 38. Nxc5 Rxc5 39. Rd7 Rg5 40. R1d2
Bc6 41. Rc7 Ba8 42. Qd6 1-0

[Event "Women's Speed Chess Q2"]
[Site "chess.com INT"]
[Date "2020.06.19"]
[Round "3"]
[White "Kovanova, Baira"]
[Black "Girya, Olga"]
[Result "0-1"]
[WhiteTitle "WGM"]
[BlackTitle "WGM"]
[WhiteElo "2343"]
[BlackElo "2469"]
[WhiteFideId "4164083"]
[BlackFideId "4195752"]
[EventDate "2020.06.19"]

1. Nf3 d5 2. g3 Bg4 3. Bg2 c6 4. c4 e6 5. Ne5 Bf5 6. cxd5 cxd5 7. Qa4+ Nd7 8. d4
Nf6 9. Nc3 Be7 10. O-O O-O 11. Bg5 Nxe5 12. dxe5 Nd7 13. Bxe7 Qxe7 14. f4 Qc5+
15. Kh1 Nb6 16. Qd1 Rfd8 17. Qc1 Rac8 18. e4 dxe4 19. Nxe4 Bxe4 20. Bxe4 Qd4 21.
Qe1 Nc4 22. Rd1 Qxb2 23. Rb1 Qd4 24. Bxb7 Rb8 25. Bf3 Nd2 26. Rxb8 Rxb8 27. Be2
Nxf1 28. Qxf1 Qe4+ 29. Bf3 Qc2 30. Qa1 Rb1+ 31. Qxb1 Qxb1+ 0-1

[Event "Women's Speed Chess Q2"]
[Site "chess.com INT"]
[Date "2020.06.19"]
[Round "3"]
[White "Stefanova, Antoaneta"]
[Black "Petrova, Irina"]
[Result "1-0"]
[WhiteTitle "GM"]
[BlackTitle "WIM"]
[WhiteElo "2462"]
[BlackElo "2087"]
[WhiteFideId "2902257"]
[BlackFideId "14124122"]
[EventDate "2020.06.19"]

1. d4 d5 2. Nf3 Nf6 3. Bf4 c5 4. e3 Nc6 5. Nbd2 e6 6. c3 cxd4 7. exd4 Nh5 8. Bg3
Bd6 9. Bd3 Nf4 10. Bf1 Qf6 11. Bxf4 Bxf4 12. g3 Bd6 13. Bg2 O-O 14. O-O e5 15.
dxe5 Nxe5 16. Nxe5 Bxe5 17. Nf3 Bg4 18. Qxd5 Bxf3 19. Qxf3 Rab8 20. Qxf6 Bxf6
21. Rfd1 g6 22. Rd7 b5 23. Rxa7 b4 24. Rc1 bxc3 25. bxc3 Rfc8 26. Bd5 Rxc3 27.
Rxc3 Bxc3 28. Rxf7 Kh8 29. a4 Bd4 30. Kg2 Rb2 31. h4 Rb4 32. Bc6 Kg8 33. Rf4 Bc5
34. Rf3 Rb2 35. Bd5+ Kg7 36. Rf7+ Kh8 37. Bc6 Bd4 38. Bb5 Bc5 39. Rf3 Bd4 40. g4
Bc5 41. h5 gxh5 42. gxh5 Kg7 43. Rf5 Bd4 44. Kg3 Bb6 45. f3 Bc7+ 46. f4 Bb6 47.
Bc6 1-0

[Event "Women's Speed Chess Q2"]
[Site "chess.com INT"]
[Date "2020.06.19"]
[Round "3"]
[White "Ziegenfuss, Antonia"]
[Black "Zhao, Xue"]
[Result "0-1"]
[WhiteTitle "WFM"]
[BlackTitle "GM"]
[WhiteElo "2101"]
[BlackElo "2486"]
[WhiteFideId "12962554"]
[BlackFideId "8601283"]
[EventDate "2020.06.19"]

1. d4 f5 2. c4 Nf6 3. Nc3 e6 4. e3 g6 5. Bd3 Bg7 6. Nge2 O-O 7. O-O d6 8. f3 e5
9. c5 Kh8 10. b3 exd4 11. exd4 dxc5 12. dxc5 Nd5 13. Nxd5 Qxd5 14. Rb1 Rd8 15.
Nf4 Qxc5+ 16. Kh1 Nc6 17. Qe1 Ne5 18. Bb2 Bd7 19. Qh4 Qb6 20. Rbe1 Re8 21. Bb1
Bb5 22. Rg1 Kg8 23. a4 Ba6 24. Ba2 Bf6 25. Qh6 Bg7 26. Qh4 Qb4 27. Nxg6 Qxh4 28.
Nxh4 Bd3 29. Bb1 Bxb1 30. Rxb1 f4 31. Rbc1 Nd3 32. Bxg7 Nxc1 33. Bb2 Nd3 34. Ba1
Re1 0-1

[Event "Women's Speed Chess Q2"]
[Site "chess.com INT"]
[Date "2020.06.19"]
[Round "3"]
[White "Goltseva, Ekaterina"]
[Black "Cagara, Paulina"]
[Result "1-0"]
[WhiteTitle "FM"]
[WhiteElo "2306"]
[BlackElo "2054"]
[WhiteFideId "24173770"]
[BlackFideId "1124870"]
[EventDate "2020.06.19"]

1. d4 f5 2. c4 Nf6 3. Nc3 g6 4. Nf3 Bg7 5. e3 d6 6. Be2 O-O 7. O-O Qe8 8. b4 c5
9. bxc5 dxc5 10. Ba3 Ne4 11. Nxe4 fxe4 12. Ng5 cxd4 13. exd4 Nc6 14. Bb2 Bf5 15.
Bg4 Rd8 16. Ne6 Bxe6 17. Bxe6+ Kh8 18. Bd5 e6 19. Bxe4 Nxd4 20. Qg4 h5 21. Qg5
Ne2+ 22. Kh1 Bxb2 23. Bxg6 Qd7 24. Qxh5+ Kg8 25. Rad1 Nd4 26. Rd3 Rf7 27. Bxf7+
Qxf7 28. Qg5+ Qg7 29. Qxd8+ Qf8 30. Rg3+ Kf7 31. Qd7+ Qe7 32. Rg7+ Kxg7 33.
Qxe7+ Kg6 34. Qxb7 Nf5 35. Qxb2 1-0

[Event "Women's Speed Chess Q2"]
[Site "chess.com INT"]
[Date "2020.06.19"]
[Round "3"]
[White "Alexanian, Nelli"]
[Black "Toncheva, Nadya"]
[Result "0-1"]
[WhiteTitle "WIM"]
[BlackTitle "WFM"]
[WhiteElo "1986"]
[BlackElo "2064"]
[WhiteFideId "4170539"]
[BlackFideId "2924056"]
[EventDate "2020.06.19"]

1. d4 d5 2. c4 dxc4 3. e4 e5 4. Nf3 Bb4+ 5. Bd2 Bxd2+ 6. Nbxd2 exd4 7. Bxc4 Ne7
8. Qb3 O-O 9. Ng5 Nec6 10. Bxf7+ Kh8 11. h4 Na6 12. Bg8 Nc5 13. Qc4 Ne5 14. Qe2
Rxg8 15. Nc4 Ned3+ 16. Kd2 Rf8 17. Raf1 b5 18. Qh5 h6 19. Na5 Qf6 20. f4 Nxf4
21. Rxf4 Qxf4+ 22. Kc2 Nxe4 23. Nc6 Bf5 24. Nxd4 Nxg5+ 25. Nxf5 Qxf5+ 26. Kc1
Ne4 27. Qe2 Qf4+ 28. Kb1 Rae8 0-1

[Event "Women's Speed Chess Q2"]
[Site "chess.com INT"]
[Date "2020.06.19"]
[Round "3"]
[White "Osmanodja, Filiz"]
[Black "Injac, Teodora"]
[Result "1-0"]
[WhiteTitle "WGM"]
[BlackTitle "WIM"]
[WhiteElo "2293"]
[BlackElo "2286"]
[WhiteFideId "24633569"]
[BlackFideId "932400"]
[EventDate "2020.06.19"]

1. e4 e6 2. d4 d5 3. Nc3 Nf6 4. e5 Nfd7 5. f4 c5 6. Nf3 Nc6 7. Be3 Be7 8. Qd2
O-O 9. Be2 b6 10. O-O f5 11. exf6 Nxf6 12. Bb5 Bb7 13. Bxc6 Bxc6 14. Ne5 Bb7 15.
f5 exf5 16. Rxf5 Ne4 17. Rxf8+ Bxf8 18. Nxe4 dxe4 19. Qf2 Qf6 20. Qg3 Bd6 21.
Rf1 Qe6 22. c3 Ba6 23. Rf4 Rf8 24. Rxf8+ Bxf8 25. Qf4 cxd4 26. Bxd4 Qxa2 27.
Qxe4 Qa1+ 28. Kf2 Qf1+ 29. Kg3 Bc8 30. Qd5+ Kh8 31. Nf7+ Kg8 32. Nh6+ Kh8 33.
Qg8# 1-0

[Event "Women's Speed Chess Q2"]
[Site "chess.com INT"]
[Date "2020.06.19"]
[Round "3"]
[White "Sedina, Elena"]
[Black "Bogumil, Tatiana"]
[Result "1-0"]
[WhiteTitle "IM"]
[BlackTitle "WGM"]
[WhiteElo "2299"]
[BlackElo "2182"]
[WhiteFideId "812153"]
[BlackFideId "4110579"]
[EventDate "2020.06.19"]

1. e4 c5 2. Nf3 Nc6 3. Bb5 g6 4. O-O Bg7 5. Re1 e5 6. Bxc6 dxc6 7. d3 Ne7 8. Be3
b6 9. h3 O-O 10. Nbd2 h6 11. a3 Kh7 12. Nc4 Qc7 13. b4 cxb4 14. axb4 Be6 15.
Nfd2 f5 16. exf5 Nxf5 17. Ne4 Nxe3 18. Nxe3 Rad8 19. Ra6 Bc8 20. Ra4 a6 21. Qb1
Qf7 22. Qa2 Qe7 23. Qb2 Bb7 24. Ra2 c5 25. bxc5 Bxe4 26. dxe4 Qxc5 27. Rxa6 Rd2
28. Rf1 Rfxf2 29. Rxf2 Qxe3 30. Qxb6 Rd1+ 31. Kh2 1-0

[Event "Women's Speed Chess Q2"]
[Site "chess.com INT"]
[Date "2020.06.19"]
[Round "3"]
[White "Voit, Daria"]
[Black "Priyanka, K"]
[Result "0-1"]
[WhiteTitle "WGM"]
[BlackTitle "WIM"]
[WhiteElo "2343"]
[BlackElo "2218"]
[WhiteFideId "4182146"]
[BlackFideId "5082986"]
[EventDate "2020.06.19"]

1. d4 Nf6 2. Nf3 g6 3. c4 Bg7 4. Nc3 d6 5. Bg5 O-O 6. e3 Nbd7 7. h3 h6 8. Bh4 e5
9. Be2 c6 10. O-O Qc7 11. Qc2 Re8 12. b4 Nf8 13. dxe5 dxe5 14. Rfd1 Bf5 15. e4
Be6 16. Bg3 Nh5 17. Bh2 Nf4 18. Bf1 g5 19. c5 a5 20. b5 Nd7 21. b6 Qd8 22. Rac1
Qe7 23. Bxf4 exf4 24. Nd5 cxd5 25. exd5 Rac8 26. dxe6 fxe6 27. Bb5 Rxc5 28. Qb1
Rxc1 29. Qxc1 Nxb6 30. Bxe8 Qxe8 31. Qc7 Nd5 32. Qxb7 Qa4 33. Qb3 Qxb3 34. axb3
Kf7 35. Nd4 Nc3 36. Rd3 Bxd4 37. Kf1 e5 38. f3 Ke6 39. Rd2 Kd5 40. Rc2 Kc5 41.
Ke1 Kb4 42. Kd2 Kxb3 43. Kd3 a4 44. Rc1 a3 0-1

[Event "Women's Speed Chess Q2"]
[Site "chess.com INT"]
[Date "2020.06.19"]
[Round "3"]
[White "Rivera, Ingris"]
[Black "Putri, Regita Desyari"]
[Result "0-1"]
[WhiteTitle "WIM"]
[BlackTitle "WFM"]
[WhiteElo "2249"]
[BlackElo "1897"]
[WhiteFideId "4402472"]
[BlackFideId "7109083"]
[EventDate "2020.06.19"]

1. d4 Nf6 2. c4 e6 3. Nc3 d5 4. cxd5 exd5 5. Bg5 Be7 6. e3 O-O 7. Bd3 b6 8. Qc2
h6 9. Bh4 Bb7 10. Nf3 Ne4 11. Bxe7 Qxe7 12. O-O Nd7 13. Rac1 c5 14. Rfd1 Rac8
15. Qa4 a5 16. h3 Rfd8 17. Bb5 cxd4 18. exd4 Nxc3 19. bxc3 Nf6 20. Ne5 Ne4 21.
Qb3 Qf6 22. f3 Nd6 23. Bf1 Nf5 0-1

[Event "Women's Speed Chess Q2"]
[Site "chess.com INT"]
[Date "2020.06.19"]
[Round "3"]
[White "Goryachkina, Aleksandra"]
[Black "Yip, Carissa"]
[Result "1-0"]
[WhiteTitle "GM"]
[BlackTitle "IM"]
[WhiteElo "2582"]
[BlackElo "2420"]
[WhiteFideId "4147103"]
[BlackFideId "2090732"]
[EventDate "2020.06.19"]

1. e4 e5 2. Nf3 Nc6 3. d4 exd4 4. Bc4 Bc5 5. Ng5 Ne5 6. Bxf7+ Nxf7 7. Nxf7 Bb4+
8. c3 dxc3 9. bxc3 Kxf7 10. Qb3+ Ke8 11. cxb4 d6 12. O-O Qe7 13. Nc3 c6 14. Re1
Be6 15. Qc2 Nf6 16. Bg5 Kf7 17. e5 dxe5 18. Rxe5 Rhe8 19. Rae1 Qxb4 20. Bxf6
Kxf6 21. Qd3 Qg4 22. h3 Qf4 23. R5e4 Qf5 24. Qd4+ Kf7 25. Rf4 g6 26. Rxf5+ Bxf5
27. Rxe8 Rxe8 28. f3 Re1+ 29. Kf2 Ra1 30. Qxa7 Be6 31. Qxb7+ Kf8 32. Qb8+ Kf7
33. Qc7+ Kf8 34. Qd6+ Kf7 35. Qxc6 Bxa2 36. Qb7+ 1-0

[Event "Women's Speed Chess Q2"]
[Site "chess.com INT"]
[Date "2020.06.19"]
[Round "3"]
[White "Sliwicka, Alicja"]
[Black "Xu, Yuanyuan"]
[Result "1-0"]
[WhiteTitle "WIM"]
[BlackTitle "WGM"]
[WhiteElo "2317"]
[BlackElo "2317"]
[WhiteFideId "1150677"]
[BlackFideId "8601089"]
[EventDate "2020.06.19"]

1. e4 c6 2. d4 d5 3. e5 c5 4. dxc5 e6 5. Be3 Nd7 6. Bb5 Ne7 7. c3 a6 8. Ba4 Nf5
9. Bd4 Qc7 10. b4 a5 11. a3 Be7 12. Ne2 O-O 13. f4 axb4 14. axb4 Bh4+ 15. g3 Be7
16. O-O h5 17. Na3 h4 18. Nb5 Qd8 19. Kg2 Nb8 20. Nd6 Nc6 21. Bxc6 Rxa1 22. Qxa1
bxc6 23. Qa7 hxg3 24. hxg3 g6 25. Rh1 Kg7 26. Ng1 Bd7 27. Nf3 Nxd4 28. Nxd4 Bxd6
29. cxd6 Qc8 30. Ra1 Rh8 31. Nb3 Qd8 32. Rh1 Rxh1 33. Kxh1 Qg8 34. Kg2 1-0

[Event "Women's Speed Chess Q2"]
[Site "chess.com INT"]
[Date "2020.06.19"]
[Round "3"]
[White "Zakirova, Aisha"]
[Black "Foisor, Sabina-Francesca"]
[Result "0-1"]
[WhiteTitle "WCM"]
[BlackTitle "WGM"]
[WhiteElo "1585"]
[BlackElo "2228"]
[WhiteFideId "13719734"]
[BlackFideId "1212915"]
[EventDate "2020.06.19"]

1. d4 d5 2. c4 c6 3. Nf3 Nf6 4. Nc3 a6 5. cxd5 cxd5 6. Qc2 Nc6 7. a3 g6 8. g3
Bg7 9. Bg2 O-O 10. O-O Bf5 11. Qd1 Rc8 12. Ne5 Na5 13. Bg5 Ne4 14. Bxe4 Bxe4 15.
Nxe4 dxe4 16. b4 Nc6 17. Nxc6 Rxc6 18. e3 h6 19. Bf4 g5 20. Be5 Bxe5 21. dxe5
Qc7 22. Qd5 Rc4 23. e6 f6 24. Qf5 Kg7 25. Rad1 Rd8 26. Rd7 Rxd7 27. exd7 Qd6 28.
Qg4 Rc2 29. Qxe4 Rd2 30. Qxb7 Qxd7 31. Qxa6 h5 32. b5 h4 33. b6 h3 34. Qa8 Rb2
35. Qa7 Qe6 36. b7 Qd5 37. f3 Qd2 38. b8=Q Qg2# 0-1

[Event "Women's Speed Chess Q2"]
[Site "chess.com INT"]
[Date "2020.06.19"]
[Round "3"]
[White "Sucikova, Svetlana"]
[Black "Michelle Catherina, P"]
[Result "0-1"]
[WhiteTitle "WFM"]
[BlackTitle "WIM"]
[WhiteElo "2171"]
[BlackElo "2176"]
[WhiteFideId "14923653"]
[BlackFideId "5005736"]
[EventDate "2020.06.19"]

1. Nf3 d5 2. d4 Nf6 3. Bf4 e6 4. e3 c5 5. c3 Nc6 6. Bd3 Bd6 7. Bg3 O-O 8. O-O
Bxg3 9. hxg3 Qd6 10. Nbd2 e5 11. dxe5 Nxe5 12. Nxe5 Qxe5 13. Nf3 Qe7 14. Qc2 Bg4
15. Bf5 Bxf3 16. gxf3 g6 17. Bd3 Nd7 18. Kg2 Rac8 19. Be2 d4 20. e4 dxc3 21.
Qxc3 Qf6 22. Rfd1 Qxc3 23. bxc3 Nb6 24. Rd2 Na4 25. Rd7 Rb8 26. Rc1 Rfd8 27. Bb5
Rxd7 28. Bxd7 Nb6 29. Rd1 Kf8 30. Bb5 c4 31. Bd7 Ke7 32. Bg4 Rd8 33. Rxd8 Kxd8
34. f4 Na4 35. Be2 b5 36. Bd1 Nxc3 37. Bc2 Nxa2 38. Kf3 b4 39. Ke3 b3 40. Bb1
Nc3 0-1

[Event "Women's Speed Chess Q2"]
[Site "chess.com INT"]
[Date "2020.06.19"]
[Round "3"]
[White "Sowa, Wiktoria"]
[Black "Lee, Dariya"]
[Result "1-0"]
[WhiteTitle "WFM"]
[BlackTitle "WCM"]
[WhiteElo "2093"]
[BlackElo "1523"]
[WhiteFideId "21836701"]
[BlackFideId "13801651"]
[EventDate "2020.06.19"]

1. Nf3 d5 2. e3 Nf6 3. c4 g6 4. Nc3 Bg7 5. b3 Bf5 6. Bb2 O-O 7. Be2 dxc4 8. Bxc4
Bd3 9. Ne2 Bxc4 10. bxc4 Qd3 11. Rc1 Nc6 12. O-O Rad8 13. Nf4 Qf5 14. d4 Ne4 15.
Nd3 Rfe8 16. Qc2 e5 17. d5 Na5 18. Qa4 b6 19. Qc2 f6 20. Nd2 Nxd2 21. Qxd2 c6
22. Qe2 cxd5 23. cxd5 Nb7 24. e4 Qg5 25. Ba3 Nd6 26. Rc6 Nb5 27. Bb2 Rc8 28.
Rfc1 Rxc6 29. dxc6 Rc8 30. a4 Nd4 31. Bxd4 exd4 32. Qa2+ Kh8 33. Qe6 Rc7 34.
Qe8+ Bf8 35. Qxf8# 1-0

[Event "Women's Speed Chess Q2"]
[Site "chess.com INT"]
[Date "2020.06.19"]
[Round "3"]
[White "Batsiashvili, Nino"]
[Black "Kirchei, Viktoriia"]
[Result "1-0"]
[WhiteTitle "GM"]
[BlackTitle "WFM"]
[WhiteElo "2457"]
[BlackElo "2207"]
[WhiteFideId "13602993"]
[BlackFideId "34133396"]
[EventDate "2020.06.19"]

1. d4 Nf6 2. Nf3 e6 3. Bf4 b6 4. e3 Bb7 5. Bd3 c5 6. Nbd2 d5 7. c3 Nbd7 8. Ne5
h6 9. Qf3 g5 10. Bg3 Bg7 11. h4 Nxe5 12. Bxe5 g4 13. Qf4 h5 14. Bb5+ Ke7 15. O-O
a6 16. Bd3 cxd4 17. exd4 Qg8 18. Bxf6+ Bxf6 19. Qc7+ Kf8 20. Qxb7 Kg7 21. Qc7
Rb8 22. Qg3 Kh6 23. Qf4+ Kg7 24. g3 Qd8 25. f3 Qe7 26. fxg4 hxg4 27. Qxg4+ Kf8
28. Nf3 Rg8 29. Qf4 Rd8 30. Kg2 b5 31. Rae1 Bh8 32. Ne5 Bf6 33. Ng4 Bxh4 34.
gxh4 f5 35. Qh6+ Ke8 36. Rxe6 Rxg4+ 37. Kf3 1-0

[Event "Women's Speed Chess Q2"]
[Site "chess.com INT"]
[Date "2020.06.19"]
[Round "3"]
[White "Smietanska, Wiktoria"]
[Black "Eswaran, Aksithi"]
[Result "0-1"]
[WhiteTitle "CM"]
[BlackTitle "WCM"]
[WhiteElo "1593"]
[BlackElo "1745"]
[WhiteFideId "21869359"]
[BlackFideId "2083485"]
[EventDate "2020.06.19"]

1. c4 e5 2. Nc3 Nc6 3. Nf3 g6 4. d4 exd4 5. Nxd4 Bg7 6. Nc2 d6 7. g3 Be6 8. Ne3
Nge7 9. Bg2 O-O 10. O-O Qd7 11. Ned5 Ne5 12. Nxe7+ Qxe7 13. Nd5 Qd7 14. Qc2 c6
15. Ne3 Bf5 16. Nxf5 Qxf5 17. e4 Qe6 18. c5 dxc5 19. Qxc5 Nd3 20. Qc2 Rad8 21.
Rd1 Nb4 22. Qe2 Rxd1+ 23. Qxd1 Qf6 24. a3 Rd8 25. Qe2 Nd3 26. Rb1 Nxc1 27. Rxc1
Qxb2 28. Qxb2 Bxb2 29. Rb1 Rd2 30. Kf1 Bd4 31. Bh3 Rxf2+ 32. Ke1 Rxh2 33. Bf1
Bc3+ 34. Kd1 Rd2+ 35. Kc1 Rf2 36. Bd3 b6 37. Rb3 Bd4 38. Rb4 Bc5 39. Rc4 Bxa3+
40. Kd1 Bc5 41. e5 Rf3 42. Ke2 Rxg3 43. Be4 Re3+ 44. Kd2 Rh3 45. Bxc6 h5 0-1

[Event "Women's Speed Chess Q2"]
[Site "chess.com INT"]
[Date "2020.06.19"]
[Round "3"]
[White "Yakimova, Mariya"]
[Black "Shpanko, Nadiia"]
[Result "0-1"]
[WhiteTitle "WFM"]
[BlackTitle "WIM"]
[WhiteElo "2269"]
[BlackElo "2235"]
[WhiteFideId "34188859"]
[BlackFideId "14132400"]
[EventDate "2020.06.19"]

1. d4 Nf6 2. c4 e6 3. g3 d5 4. Nf3 Be7 5. Bg2 O-O 6. O-O dxc4 7. Ne5 Nc6 8. Nxc6
bxc6 9. e3 Nd5 10. Qa4 Nb6 11. Qc2 Bb7 12. Nd2 Ba6 13. Rd1 Rb8 14. Ne4 Qe8 15.
h4 Nd5 16. a3 Bb5 17. Ng5 Bxg5 18. hxg5 Qe7 19. e4 Nb6 20. Qc3 e5 21. dxe5 Nd7
22. Bf4 Nc5 23. Rac1 Nd3 24. Rc2 Rfe8 25. Bf1 Nxe5 26. Rcd2 Nd3 27. f3 Ba4 28.
Qxc4 Nxf4 29. Qxa4 Qxg5 30. Kf2 Nh5 31. g4 Qh4+ 32. Ke3 Nf6 33. Qxc6 Qg5+ 34.
Kf2 Qe5 35. Kg2 h5 36. gxh5 Nxh5 37. Bc4 Nf4+ 38. Kf2 Nh3+ 39. Ke2 Ng5 40. b4
Qf4 41. Rd3 Qh2+ 42. Ke3 Qg3 43. Rf1 Rxe4+ 44. Qxe4 Nxe4 45. Rd7 Nd6 0-1

[Event "Women's Speed Chess Q2"]
[Site "chess.com INT"]
[Date "2020.06.19"]
[Round "3"]
[White "Rakshitta, Ravi"]
[Black "Fuentes Inzunza, Lesly"]
[Result "1-0"]
[WhiteTitle "WIM"]
[BlackTitle "WFM"]
[WhiteElo "2190"]
[BlackElo "1840"]
[WhiteFideId "25073230"]
[BlackFideId "3408205"]
[EventDate "2020.06.19"]

1. e4 c6 2. d4 d5 3. Nc3 dxe4 4. Nxe4 Nf6 5. Nxf6+ exf6 6. c3 Bd6 7. Bd3 O-O 8.
Ne2 Re8 9. Qc2 h6 10. O-O Bg4 11. f3 Be6 12. Nf4 Qc7 13. Nxe6 Bxh2+ 14. Kh1 Rxe6
15. Bf5 Re8 16. f4 Bg3 17. Qd3 Re1 18. Rxe1 Bxe1 19. Qe2 g6 20. Qxe1 gxf5 21.
Be3 Nd7 22. Qh4 Kh7 23. Rf1 Rg8 24. Qh5 Qa5 25. Rf3 Qd5 26. c4 Qe4 27. Qxf7+ Rg7
28. Qh5 Nf8 29. Qh4 Qb1+ 30. Kh2 Qxb2 31. Rf2 Qxa2 32. Rxa2 a6 33. Rf2 Ng6 34.
Qxf6 b5 35. Qxf5 bxc4 36. Qe4 c3 37. f5 1-0

[Event "Women's Speed Chess Q2"]
[Site "chess.com INT"]
[Date "2020.06.19"]
[Round "3"]
[White "Gaponenko, Inna"]
[Black "Swati, Mohota"]
[Result "0-1"]
[WhiteTitle "IM"]
[BlackTitle "WFM"]
[WhiteElo "2396"]
[BlackElo "2027"]
[WhiteFideId "14101181"]
[BlackFideId "5006511"]
[EventDate "2020.06.19"]

1. e4 d5 2. exd5 Qxd5 3. Nc3 Qa5 4. d4 Nf6 5. Nf3 Bf5 6. Bc4 c6 7. Bd2 Qc7 8.
Qe2 e6 9. O-O-O Be7 10. h3 Nbd7 11. g4 Bg6 12. Ne5 Nxe5 13. dxe5 Nd5 14. f4
O-O-O 15. Bxd5 cxd5 16. f5 exf5 17. Nb5 Qc4 18. Qxc4+ dxc4 19. Nxa7+ Kb8 20. Nb5
fxg4 21. hxg4 h5 22. gxh5 Bxh5 23. Rdf1 Bg6 24. Be3 Rxh1 25. Rxh1 Kc8 26. Bb6
Rd5 27. e6 Bg5+ 28. Kb1 fxe6 29. Nc3 Rd2 30. Rg1 Bxc2+ 31. Ka1 Bf6 32. a3 Bf5
33. Na4 Kd7 34. Ba5 Re2 35. Bc3 Kc6 36. Bxf6 gxf6 37. Nc3 Rc2 38. a4 Bd3 39. Ka2
f5 40. Ka3 f4 0-1

[Event "Women's Speed Chess Q2"]
[Site "chess.com INT"]
[Date "2020.06.19"]
[Round "3"]
[White "Solozhenkina, Elizaveta"]
[Black "Tsukerman, Julia"]
[Result "0-1"]
[WhiteTitle "WIM"]
[BlackTitle "WCM"]
[WhiteElo "2301"]
[BlackElo "1523"]
[WhiteFideId "34106615"]
[BlackFideId "2621649"]
[EventDate "2020.06.19"]

1. e4 c5 2. Nf3 d6 3. d4 cxd4 4. Nxd4 Nf6 5. f3 g6 6. c4 Bg7 7. Nc3 O-O 8. Be3
Nc6 9. Be2 a5 10. O-O Bd7 11. Rc1 Rc8 12. Qd2 Ne5 13. Nd5 Nxd5 14. cxd5 Rxc1 15.
Rxc1 Bc8 16. Nb3 a4 17. Nd4 Nd7 18. Nb5 Nc5 19. Qb4 Qb6 20. b3 axb3 21. axb3 Nd3
22. Bxb6 Nxb4 23. Ba5 Na6 24. Bc3 Bd7 25. Bxg7 Kxg7 26. Kf2 Kf6 27. Ke3 Rc8 28.
Rxc8 Bxc8 29. Kd4 Nc5 30. b4 Na6 31. Kc4 Ke5 32. Nc3 Kf4 33. Nd1 e6 34. g3+ Ke5
35. Ne3 f5 36. exf5 exf5 37. Kc3 g5 38. Bd3 h6 0-1

[Event "Women's Speed Chess Q2"]
[Site "chess.com INT"]
[Date "2020.06.19"]
[Round "3"]
[White "Li, Xueyi"]
[Black "Tokhirjonova, Gulrukhbegim"]
[Result "0-1"]
[WhiteTitle "WGM"]
[BlackTitle "WGM"]
[WhiteElo "2328"]
[BlackElo "2378"]
[WhiteFideId "8605912"]
[BlackFideId "14203626"]
[EventDate "2020.06.19"]

1. d4 d5 2. Nf3 Nf6 3. g3 g6 4. Bg2 Bg7 5. O-O O-O 6. c4 c6 7. cxd5 cxd5 8. Ne5
Nc6 9. Nxc6 bxc6 10. Nc3 Bf5 11. Qa4 Qb6 12. b3 Rfc8 13. Ba3 Bf8 14. Bc5 Qb7 15.
Qa3 Nd7 16. Bxe7 Bg7 17. e3 a5 18. Na4 h5 19. Nc5 Nxc5 20. Bxc5 Qd7 21. Rac1 h4
22. Be7 hxg3 23. hxg3 Re8 24. Bd6 Bf6 25. Qc5 Rac8 26. Be5 Bd8 27. Qd6 Qb7 28.
Qa3 Qd7 29. Rfe1 f6 30. Bd6 Kg7 31. Bc5 Rh8 32. Qb2 Bc7 33. f4 Rh7 34. Kf2 Be4
35. Rh1 Rch8 36. Qa1 Rh2 37. Rcg1 Qg4 38. Rxh2 Rxh2 39. Qf1 Qh3 40. Ke1 Bxg2 41.
Qa6 Qxg3+ 42. Kd1 Bf3+ 0-1

[Event "Women's Speed Chess Q2"]
[Site "chess.com INT"]
[Date "2020.06.19"]
[Round "3"]
[White "Tania, Sachdev"]
[Black "Arabidze, Meri"]
[Result "0-1"]
[WhiteTitle "IM"]
[BlackTitle "IM"]
[WhiteElo "2392"]
[BlackElo "2428"]
[WhiteFideId "5007844"]
[BlackFideId "13604040"]
[EventDate "2020.06.19"]

1. d4 d5 2. c4 e6 3. Nf3 Nf6 4. Nc3 Nbd7 5. Qc2 Be7 6. cxd5 exd5 7. Bf4 c6 8. h3
Nf8 9. e3 Ng6 10. Bh2 O-O 11. Bd3 Bd6 12. O-O-O Bxh2 13. Rxh2 b5 14. Kb1 a5 15.
g4 a4 16. Ne5 Qd6 17. f4 a3 18. b3 Ba6 19. g5 Nd7 20. h4 b4 21. Na4 Bxd3 22.
Nxd3 Rfe8 23. h5 Ngf8 24. Ne5 Rac8 25. g6 fxg6 26. hxg6 h6 27. Rg1 c5 28. Nf7
Qf6 29. Qd2 cxd4 30. exd4 Re4 31. Qxb4 Rxd4 32. Qd6 Qf5+ 33. Ka1 Qg4 34. Rhh1
Qe2 35. Qxa3 Rd2 36. Ne5 Nxe5 37. fxe5 Qxe5+ 38. Nb2 Ra8 0-1

[Event "Women's Speed Chess Q2"]
[Site "chess.com INT"]
[Date "2020.06.19"]
[Round "3"]
[White "Zhuravleva, Olga"]
[Black "Berzina, Ilze"]
[Result "1-0"]
[WhiteTitle "WIM"]
[BlackTitle "WGM"]
[WhiteElo "2278"]
[BlackElo "2192"]
[WhiteFideId "4145933"]
[BlackFideId "11601345"]
[EventDate "2020.06.19"]

1. e4 c6 2. Nf3 d5 3. Nc3 Nf6 4. e5 Ne4 5. Ne2 Qb6 6. d4 e6 7. c3 c5 8. Ng3 cxd4
9. Nxe4 dxe4 10. Nxd4 Nc6 11. Nxc6 Qxc6 12. Be3 Bc5 13. Bxc5 Qxc5 14. Qa4+ Bd7
15. Qxe4 Bc6 16. Qf4 O-O-O 17. Be2 Bxg2 18. Rg1 Qc6 19. f3 Bh3 20. Rxg7 Bf5 21.
Rg3 Qb6 22. Qc4+ Kb8 23. Qb5 Qe3 24. Rg2 Bd3 25. Qb4 Bxe2 26. Qe4 Qd2+ 27. Kf2
Bd3+ 28. Kg3 Bxe4 29. Rxd2 Rxd2 30. fxe4 Rd3+ 31. Kf2 Rg8 32. Ke2 Rh3 33. Rf1
Rg2+ 34. Ke1 Re3+ 35. Kd1 Ree2 36. Rxf7 Rxb2 37. Kc1 Rxa2 38. Rf8+ Kc7 39. Kb1
Raf2 40. Rf7+ 1-0